1772 1737 1398 1383 1089 1322 1161 1190 1260 1266 1521 1710 1727 1898 1236 1690 1563 1631 1775 1085 1770 1224 1760 1782 1278 1505 1582 1466 1905 1716 1465 1148 1834 1990 1795 1472 1482 1496 1111 1261 1326 1188 1982 1216 1018 1027 1338 1511 1955 1780 1575 1314 1949 1299 1087 1449 1327 1322 1292 1196 1470 1794 1398 1981 1806 1102 1013 1439 1226 1021 1299 1728 1107 1937 1589 1710 1355 1868 1810 1106 1610 1997 1626 1585 1174 1166 1075 1100 1945 1582 1168 1592 1796 1277 1308 1221 1594 1541 1653 BCNSPRNW ULIB Ver.6.0+V

เปลี่ยนเป็นภาษาไทย

Change to English
 แสดงรายละเอียดบรรณานุกรม
  กลับหน้าหลัก

Brief Record : Get Marc (ISO 2709) : E-mail record : QR code < ปิดหน้าต่าง
LEADER : 00000nam 2200000uu 4500
001    13399124404
003     ULIB
008    150619s2550||||th 000 0 tha d
099    นว.^bค285น
100 0  ^aคุโรยานางิ เท็ตสึโกะ
245 10 ^aนางสาวโต๊ะโตะ /^cคุโรยานางิ เท็ตสึโกะ
260    ^aกรุงเทพฯ :^bผีเสื้อ,^c2550
300    ^a440 หน้า :^bตาราง
650  7 ^aนางสาวโต๊ะโตะ
945    ^p0^l0^i022008
999    ^aเกษร โพธิ์สุวรรณ
รายการนี้ยังไม่มีแท็ก
คุณยังไม่ได้ล็อกอิน คุณสามารถมีกิจกรรมร่วมกับเว็บไซต์ได้ แต่ต้องล็อกอินก่อน ::
  ล็อกอิน

รายการสื่อสารสนเทศ

ลำดับที่ ประเภท เลขเรียก/บาร์โค้ด สถานที่ สถานะ
1. นวนิยาย
นวนิยาย
นว. ค285น ฉ.1 
  Barcode: 022008
ห้องสมุดวิทยาเขตนครสวรรค์
►นวนิยาย:l:Fiction
บนชั้น

BibComment


ยังไม่เคยถูกคอมเมนท์

คอมเมนท์ทรัพยากรรายการนี้
  คอมเมนท์: นางสาวโต๊ะโตะ ค..


 Copyright 2026. Bcnsprnw @Library